000 00501nam a2200169Ia 4500
003 LDD
008 190117s9999 xx 000 0 und d
020 _c₹25
040 _cLDD
041 _ahi
082 _a8H3.6 प्रे59222रू
100 _aप्रेमचंद
245 0 _aरूठी रानी
_cप्रेमचंद
260 _aनई दिल्ली
_bभारतीय ग्रन्थ निकेतन
_c1987
300 _a137प्र.
942 _2ddc
_cH
999 _c164151
_d164151